<?xml version="1.0" encoding="UTF-8"?>
<collection xmlns="http://www.loc.gov/MARC21/slim">
 <record>
  <leader>00786nam a22002295a 4500</leader>
  <controlfield tag="001">EHU.bham030289</controlfield>
  <controlfield tag="003">AR-BHAM</controlfield>
  <controlfield tag="005">20080904145354.0</controlfield>
  <controlfield tag="008">130507s1997##################000#0#####d</controlfield>
  <datafield tag="020" ind1=" " ind2=" ">
   <subfield code="a">9502112741</subfield>
  </datafield>
  <datafield tag="082" ind1="4" ind2="1">
   <subfield code="a">415</subfield>
  </datafield>
  <datafield tag="100" ind1="1" ind2=" ">
   <subfield code="a">Rosetti, Mabel M. de</subfield>
  </datafield>
  <datafield tag="245" ind1="1" ind2="0">
   <subfield code="a">Pautas pragmáticas y sintácticas para recordar una ley /</subfield>
   <subfield code="b">asesoramiento jurídico y colaboración de raúl rosetti</subfield>
   <subfield code="c">Mabel Manacorda De Rosetti :</subfield>
  </datafield>
  <datafield tag="260" ind1=" " ind2=" ">
   <subfield code="a">Buenos Aires :</subfield>
   <subfield code="b">Plus Ultra,</subfield>
   <subfield code="c">1997</subfield>
  </datafield>
  <datafield tag="300" ind1=" " ind2=" ">
   <subfield code="a">108 p.</subfield>
  </datafield>
  <datafield tag="490" ind1="0" ind2=" ">
   <subfield code="a">Cuadernos de la Lingüística aplicada / dir. por Roberto Yahni</subfield>
  </datafield>
  <datafield tag="653" ind1=" " ind2=" ">
   <subfield code="a">Lingüística aplicada</subfield>
  </datafield>
  <datafield tag="653" ind1=" " ind2=" ">
   <subfield code="a">Sintaxis</subfield>
  </datafield>
  <datafield tag="653" ind1=" " ind2=" ">
   <subfield code="a">Gramática</subfield>
  </datafield>
  <datafield tag="653" ind1=" " ind2=" ">
   <subfield code="a">Discurso legal</subfield>
  </datafield>
  <datafield tag="700" ind1="1" ind2=" ">
   <subfield code="a">Rosetti, Raúl</subfield>
  </datafield>
  <datafield tag="859" ind1=" " ind2=" ">
   <subfield code="a">AR-BHAM</subfield>
   <subfield code="b">BIB. HUMANIDADES - General</subfield>
   <subfield code="h">415</subfield>
   <subfield code="i">M317-3</subfield>
   <subfield code="p">65.08</subfield>
   <subfield code="t">Ej.1</subfield>
  </datafield>
 </record>
</collection>
